header

A legend of the dead (Record no. 48714)

MARC details
000 -LEADER
fixed length control field 01090nam a2200277Ia 4500
100 1# - MAIN ENTRY--AUTHOR NAME
Personal name Asong, Linus T.
245 12 - TITLE STATEMENT
Title A legend of the dead
260 ## - PUBLICATION, DISTRIBUTION, ETC. (IMPRINT)
Place of publication Mankon, Bamenda, Cameroon :
Name of publisher Langaa RPCIG,
Year of publication 2009.
300 ## - PHYSICAL DESCRIPTION
Number of Pages ix, 247 p.
500 ## - GENERAL NOTE
General note Sequel to The Crown of Thorns.
650 #0 - SUBJECT ADDED ENTRY--TOPICAL TERM
Topical Term Cameroonian fiction (English)
Topical Term Cameroonian literature (English)
856 40 - ELECTRONIC LOCATION AND ACCESS
Uniform Resource Identifier http://site.ebrary.com/lib/rucke/Doc?id=10344574

No items available.

© 2026 Rongo University
Contact us: librarian | system librarian | Rongo university